| 000 | 00414pab a2200169 454500 | ||
|---|---|---|---|
| 008 | 180718b2000 xxu||||| |||| 00| 0 eng d | ||
| 100 | _aTimmerman, Christiane | ||
| 245 | _aMuslim women and nationalism: the power of the image | ||
| 260 | _c2000 | ||
| 300 | _ap.15-27 | ||
| 362 | _aOct | ||
| 650 | _aNationalism | ||
| 650 | _aWomen | ||
| 650 | _aMuslim women | ||
| 773 | _aCurrent Sociology | ||
| 909 | _a46824 | ||
| 999 |
_c46824 _d46824 |
||